| 000 | 01118cad a22002295a 4500 | ||
|---|---|---|---|
| 001 | E148732 | ||
| 008 | 091028s2009 xxk f 000 0 eng d | ||
| 035 | _a(Sirsi) u148732 | ||
| 041 | 0 | _aeng | |
| 050 | 0 | 4 | _a346.4104342 $2 18 |
| 100 | 1 | _aWicks, Joanne | |
| 245 | 0 | 0 |
_aEvery little helps _binterim rent and apportionment _h[electronic resource] |
| 260 |
_a[S.l.] _bProperty Litigation Association _c2009 |
||
| 490 | 0 | _aWilberforce Chambers Case Study | |
| 520 | _aLooks at a scenario where business premises are let under the Landlord and Tenant Act 1954, and rent is payable quarterly in advance. A notice is served by the landlord to terminate the tenancy, and the tenant applies for a new tenancy. The tenancy is then terminated by the tenant two days into a new quarter. Does the tenant have to pay the full quarter's rent, or only two day's rent? | ||
| 521 | _aAdvanced | ||
| 590 | _aKA | ||
| 651 | 4 |
_aEngland and Wales _y1543- |
|
| 690 |
_aLandlord and tenant _96252 |
||
| 856 | 4 | 0 |
_uhttps://www.pla.org.uk/library/wilberforce_case_studies _zView the item free of charge at www.pla.org.uk... |
| 942 | _n0 | ||
| 999 |
_c110192 _d110192 |
||